[Event "SRB-CupT Central"]
[Site "Serbia"]
[Date "2013.04.27"]
[Round "6.1"]
[White "Djokic, Vladan"]
[Black "Obradovic, Blazimir"]
[Result "1-0"]
[WhiteElo "2312"]
[BlackElo "2151"]
[PlyCount "43"]
[EventDate "2013.03.24"]
[EventType "team-tourn"]
[EventRounds "8"]
[EventCountry "SRB"]
[SourceTitle "EXT 2018"]
[Source "ChessBase"]
[SourceDate "2017.10.13"]
[SourceVersion "1"]
[SourceVersionDate "2017.10.13"]
[SourceQuality "1"]

1. e4 e6 2. d4 d5 3. e5 c5 4. c3 Nc6 5. Nf3 Qb6 6. a3 c4 7. Nbd2 Na5 8. Be2 Bd7 9. 0-0 0-0-0 10. Rb1 Kb8 11. b3 cxb3 12. c4 dxc4 13. Nxc4 Nxc4 14. Bxc4 Bc6 15. Be3 Bd5 16. Bxd5 Rxd5 17. Rxb3 Qc7 18. Ng5 Nh6 19. g4 Be7 20. Ne4 Rhd8 21. Qf3 Rxd4 22. Rc1 1-0

[Event "SRB-chT"]
[Site "Vrnjacka Banja"]
[Date "2012.10.05"]
[Round "9.6"]
[White "Sandic, Vladeta"]
[Black "Djokic, Vladan"]
[Result "0-1"]
[WhiteElo "2338"]
[BlackElo "2334"]
[PlyCount "58"]
[EventDate "2012.09.29"]
[EventType "team-tourn"]
[EventRounds "11"]
[EventCountry "SRB"]
[SourceTitle "CBM 150 Extra"]
[Source "ChessBase"]
[SourceDate "2012.10.19"]
[SourceVersion "1"]
[SourceVersionDate "2012.10.19"]
[SourceQuality "1"]
[WhiteTeam "Ub"]
[BlackTeam "Donja Studena"]
[WhiteTeamCountry "SRB"]
[BlackTeamCountry "SRB"]

1. d4 Nf6 2. c4 e6 3. Nc3 Bb4 4. Qc2 c5 5. dxc5 0-0 6. a3 Bxc5 7. Nf3 b6 8. Bg5 Be7 9. e4 h6 10. Bh4 Bb7 11. Rd1 Nh5 12. Bxe7 Qxe7 13. Be2 Nf4 14. 0-0 f5 15. Rfe1 Na6 16. Bf1 fxe4 17. Nxe4 Nc5 18. Nfd2 Qh4 19. f3 d5 20. Ng3 Rac8 21. b4 Nd7 22. Qa4 Rc7 23. cxd5 Bxd5 24. Rc1 Rxc1 25. Rxc1 Nh3+ 26. gxh3 Qd4+ 27. Kh1 Qxd2 28. Rc2 Bxf3+ 29. Kg1 Qd4+ 0-1

[Event "SRB-chT"]
[Site "Vrnjacka Banja"]
[Date "2012.10.02"]
[Round "5.5"]
[White "Todorovic, Bojan"]
[Black "Djokic, Vladan"]
[Result "1-0"]
[WhiteElo "2327"]
[BlackElo "2334"]
[PlyCount "99"]
[EventDate "2012.09.29"]
[EventType "team-tourn"]
[EventRounds "11"]
[EventCountry "SRB"]
[SourceTitle "CBM 150 Extra"]
[Source "ChessBase"]
[SourceDate "2012.10.19"]
[SourceVersion "1"]
[SourceVersionDate "2012.10.19"]
[SourceQuality "1"]
[WhiteTeam "Pirot"]
[BlackTeam "Donja Studena"]
[WhiteTeamCountry "SRB"]
[BlackTeamCountry "SRB"]

1. d4 Nf6 2. c4 e6 3. Nf3 c5 4. d5 b5 5. dxe6 fxe6 6. cxb5 d5 7. g3 a6 8. bxa6 Nc6 9. Bh3 Rxa6 10. 0-0 Be7 11. Nc3 0-0 12. Ng5 Na7 13. Qc2 Qe8 14. e4 h6 15. Nf3 d4 16. Ne2 Rb6 17. Nd2 Nc6 18. Nc4 Nb4 19. Qd1 Ra6 20. Nf4 Nxe4 21. Bg2 Nd6 22. Ne5 Bf6 23. Re1 Bxe5 24. Rxe5 c4 25. Bd2 Nc6 26. Rc5 Rf5 27. Rxf5 exf5 28. Bd5+ Kh7 29. Qc2 d3 30. Qc3 Ne4 31. Bxe4 Qxe4 32. Re1 Qd4 33. Ne6 Qxc3 34. Bxc3 Rxa2 35. Nxg7 f4 36. gxf4 Ra7 37. Ne8 Bh3 38. f3 Rf7 39. Kf2 Rxf4 40. Kg3 Rf5 41. Kxh3 Rxf3+ 42. Kg2 Rf4 43. Kg3 Rf5 44. Nf6+ Kg6 45. Ne4 Ne7 46. Nd2 Rg5+ 47. Kf3 Nf5 48. Re4 Rh5 49. Re6+ Kh7 50. Kf4 1-0

[Event "SRB-chT"]
[Site "Vrnjacka Banja"]
[Date "2012.09.30"]
[Round "3.4"]
[White "Djokic, Vladan"]
[Black "Marcetic, Nikola"]
[Result "1-0"]
[WhiteElo "2334"]
[BlackElo "2382"]
[PlyCount "79"]
[EventDate "2012.09.29"]
[EventType "team-tourn"]
[EventRounds "11"]
[EventCountry "SRB"]
[SourceTitle "CBM 150 Extra"]
[Source "ChessBase"]
[SourceDate "2012.10.19"]
[SourceVersion "1"]
[SourceVersionDate "2012.10.19"]
[SourceQuality "1"]
[WhiteTeam "Donja Studena"]
[BlackTeam "Pozega"]
[WhiteTeamCountry "SRB"]
[BlackTeamCountry "SRB"]

1. e4 c5 2. Nf3 d6 3. d4 cxd4 4. Nxd4 Nf6 5. Nc3 g6 6. Be2 Bg7 7. 0-0 0-0 8. Kh1 Nc6 9. Be3 Bd7 10. f4 Nxd4 11. Bxd4 Bc6 12. Bf3 Qa5 13. a3 e5 14. fxe5 dxe5 15. Be3 Rfd8 16. Qe1 Qc7 17. Qh4 Rd6 18. Be2 h5 19. Bc4 Be8 20. Bb3 Ng4 21. Bg5 Kh7 22. h3 f6 23. hxg4 fxg5 24. Qxg5 Qd7 25. gxh5 gxh5 26. Rad1 Rd4 27. Rxd4 exd4 28. Nd5 Qg4 29. Qe7 Kh6 30. Nc7 Bg6 31. Nxa8 Qe2 32. Rf3 Bxe4 33. Qe6+ Kh7 34. Rg3 Bxg2+ 35. Rxg2 Qf1+ 36. Kh2 Qf4+ 37. Kg1 Qc1+ 38. Kf2 Qf4+ 39. Ke2 d3+ 40. cxd3 1-0

[Event "BIH-chT1A"]
[Site "Neum"]
[Date "2012.08.31"]
[Round "9.1"]
[White "Bajric, Sakib"]
[Black "Djokic, Vladan"]
[Result "0-1"]
[WhiteElo "2202"]
[BlackElo "2334"]
[PlyCount "78"]
[EventDate "2012.08.25"]
[EventType "team-tourn"]
[EventRounds "9"]
[EventCountry "BIH"]
[SourceTitle "CBM 150 Extra"]
[Source "ChessBase"]
[SourceDate "2012.10.19"]
[SourceVersion "1"]
[SourceVersionDate "2012.10.19"]
[SourceQuality "1"]

1. e4 c5 2. d3 Nc6 3. g3 h5 4. h3 d5 5. Nc3 dxe4 6. Nxe4 b6 7. Bg2 Bb7 8. Nc3 Qd7 9. Be3 g6 10. Qd2 Nh6 11. 0-0-0 Nf5 12. Kb1 Bg7 13. Nge2 0-0-0 14. a4 Kb8 15. Ne4 Nxe3 16. fxe3 Bh6 17. N4c3 e5 18. Nc1 f5 19. Qf2 Rhf8 20. h4 Nb4 21. Bxb7 Qxb7 22. Rhf1 a6 23. N1a2 Nc6 24. Qe1 b5 25. axb5 axb5 26. e4 Qa6 27. b3 Rd7 28. exf5 gxf5 29. Qf2 Nd4 30. Qe1 Bg7 31. Rd2 Ra7 32. Rdf2 Rff7 33. Qd1 Qg6 34. Rg1 Rfd7 35. Qc1 c4 36. dxc4 bxc4 37. b4 e4 38. Qf4+ Ka8 39. Rd2 Bh6 0-1

[Event "BIH-chT1A"]
[Site "Neum"]
[Date "2012.08.30"]
[Round "8.4"]
[White "Djokic, Vladan"]
[Black "Nestorovic, Nikola"]
[Result "0-1"]
[WhiteElo "2334"]
[BlackElo "2430"]
[PlyCount "75"]
[EventDate "2012.08.25"]
[EventType "team-tourn"]
[EventRounds "9"]
[EventCountry "BIH"]
[SourceTitle "CBM 150 Extra"]
[Source "ChessBase"]
[SourceDate "2012.10.19"]
[SourceVersion "1"]
[SourceVersionDate "2012.10.19"]
[SourceQuality "1"]

1. e4 e5 2. Nf3 Nc6 3. Bb5 Nf6 4. 0-0 Nxe4 5. d4 Nd6 6. Bxc6 dxc6 7. dxe5 Nf5 8. Qxd8+ Kxd8 9. h3 h6 10. b3 Be6 11. Bb2 a5 12. Nc3 Kc8 13. g4 Ne7 14. Nd4 Bd7 15. e6 fxe6 16. Rfe1 e5 17. Nf3 Ng6 18. Rad1 Bd6 19. Ne4 Bb4 20. Re3 Re8 21. a4 b5 22. Kh2 Rb8 23. Kg3 bxa4 24. bxa4 Bf8 25. Bc3 c5 26. h4 Bxa4 27. Rd2 Bc6 28. h5 Nf4 29. Nxe5 Nd5 30. Nxc6 Nxe3 31. fxe3 Rb1 32. Kf3 a4 33. Rd5 Rb6 34. Ne5 a3 35. Ba1 Rbe6 36. Ng3 a2 37. Rd1 Bd6 38. Nf5 0-1

[Event "Nis"]
[Site "Nis"]
[Date "2012.06.01"]
[Round "9"]
[White "Antic, Dejan"]
[Black "Djokic, Vladan"]
[Result "1/2-1/2"]
[WhiteElo "2518"]
[BlackElo "2296"]
[PlyCount "97"]
[EventDate "2012.05.26"]
[EventType "tourn"]
[EventRounds "9"]
[EventCountry "SRB"]
[EventCategory "8"]
[SourceTitle "CBM 148 Extra"]
[Source "ChessBase"]
[SourceDate "2012.06.22"]
[SourceVersion "1"]
[SourceVersionDate "2012.06.22"]
[SourceQuality "1"]

1. d4 Nf6 2. Nf3 e6 3. c4 b6 4. g3 Bb7 5. Bg2 Be7 6. Nc3 Ne4 7. Bd2 0-0 8. Qc2 Nxd2 9. Qxd2 Bb4 10. 0-0 f5 11. d5 Qf6 12. Nd4 e5 13. Ndb5 Na6 14. a3 Bxc3 15. Nxc3 d6 16. b4 Bc8 17. Rfc1 Bd7 18. f4 e4 19. Nb5 Rfc8 20. Qd4 Kf7 21. g4 g6 22. Rc3 Rh8 23. Rac1 h5 24. Qxf6+ Kxf6 25. g5+ Ke7 26. e3 Rhc8 27. Nd4 Nb8 28. c5 bxc5 29. bxc5 Na6 30. Nb3 Nxc5 31. Nxc5 dxc5 32. Rxc5 Kd6 33. Bf1 a5 34. Kf2 a4 35. Ke1 Rcb8 36. Rxc7 Rb3 37. R7c3 Rab8 38. Kd2 Rxc3 39. Kxc3 Rb3+ 40. Kd4 Rb2 41. h3 Rd2+ 42. Kc3 Rh2 43. Rc2 Rh1 44. Rf2 Kxd5 45. Kb4 Ke6 46. Kc5 Ke7 47. Kd5 Be6+ 48. Ke5 Bb3 49. Kd4 1/2-1/2

[Event "Nis"]
[Site "Nis"]
[Date "2012.05.26"]
[Round "1"]
[White "Djokic, Vladan"]
[Black "Djukic, Zeljko"]
[Result "1/2-1/2"]
[WhiteElo "2296"]
[BlackElo "2392"]
[PlyCount "57"]
[EventDate "2012.05.26"]
[EventType "tourn"]
[EventRounds "9"]
[EventCountry "SRB"]
[EventCategory "8"]
[SourceTitle "CBM 148 Extra"]
[Source "ChessBase"]
[SourceDate "2012.06.22"]
[SourceVersion "1"]
[SourceVersionDate "2012.06.22"]
[SourceQuality "1"]

1. c4 g6 2. g3 Bg7 3. Bg2 c5 4. Nf3 Nc6 5. 0-0 e6 6. Nc3 Nge7 7. d3 0-0 8. a3 d5 9. Qc2 h6 10. Rb1 a5 11. e3 b6 12. b3 Kh7 13. Bb2 Rb8 14. Rbd1 d4 15. exd4 Nxd4 16. Nxd4 Qxd4 17. Na4 Qd6 18. Bxg7 Kxg7 19. Qb2+ Qd4 20. Qxd4+ cxd4 21. Rb1 Bd7 22. Nb2 b5 23. Rfe1 f6 24. b4 axb4 25. axb4 bxc4 26. Nxc4 Rb5 27. Nd6 Rb6 28. Nc4 Rb5 29. Nd6 1/2-1/2

[Event "SRB-chT Central"]
[Site "Kraljevo"]
[Date "2011.09.22"]
[Round "8"]
[White "Kojovic, Dragan"]
[Black "Djokic, Vladan"]
[Result "1-0"]
[WhiteElo "2367"]
[BlackElo "2299"]
[PlyCount "85"]
[EventDate "2011.09.17"]
[EventType "team-tourn"]
[EventRounds "11"]
[EventCountry "SRB"]
[SourceTitle "CBM 144 Extra"]
[Source "ChessBase"]
[SourceDate "2011.10.28"]
[SourceVersion "1"]
[SourceVersionDate "2011.10.28"]
[SourceQuality "1"]
[WhiteTeam "Metalac"]
[BlackTeam "Celin Kamen"]
[WhiteTeamCountry "YUG"]
[BlackTeamCountry "YUG"]

1. e4 c5 2. Nf3 e6 3. d4 cxd4 4. Nxd4 a6 5. Bd3 Bc5 6. c3 Nc6 7. Nxc6 dxc6 8. 0-0 e5 9. b4 Ba7 10. Na3 Ne7 11. Nc4 Ng6 12. Bc2 0-0 13. Qh5 Qe7 14. Bb3 Be6 15. Be3 Bxe3 16. Nxe3 Bxb3 17. axb3 Rad8 18. Rfd1 Rxd1+ 19. Rxd1 a5 20. Nf5 Qe6 21. c4 axb4 22. Qg4 Kh8 23. h4 Rg8 24. h5 Ne7 25. Nd6 f5 26. exf5 Qf6 27. Qg5 Rf8 28. Qxf6 gxf6 29. g4 b6 30. Ne4 h6 31. Rd7 Nc8 32. Rc7 c5 33. Kg2 b5 34. cxb5 Nb6 35. Rxc5 Rf7 36. Rc6 Nd5 37. Rd6 Nc3 38. Rd8+ Kg7 39. Nd6 Nxb5 40. Nxb5 Rb7 41. Nd6 Ra7 42. Rb8 Rd7 43. Rb7 1-0

[Event "SRB-chT Central"]
[Site "Kraljevo"]
[Date "2011.09.20"]
[Round "5"]
[White "Marinkovic, Ivan"]
[Black "Djokic, Vladan"]
[Result "1/2-1/2"]
[WhiteElo "2425"]
[BlackElo "2299"]
[PlyCount "37"]
[EventDate "2011.09.17"]
[EventType "team-tourn"]
[EventRounds "11"]
[EventCountry "SRB"]
[SourceTitle "CBM 144 Extra"]
[Source "ChessBase"]
[SourceDate "2011.10.28"]
[SourceVersion "1"]
[SourceVersionDate "2011.10.28"]
[SourceQuality "1"]
[WhiteTeam "Sloga Amiga"]
[BlackTeam "Celin Kamen"]
[WhiteTeamCountry "YUG"]
[BlackTeamCountry "YUG"]

1. e4 c5 2. Nf3 e6 3. g3 d6 4. d4 cxd4 5. Nxd4 Nf6 6. Bg2 Be7 7. 0-0 0-0 8. c4 a6 9. Nc3 Qc7 10. b3 Bd7 11. Be3 Nc6 12. Rc1 Nxd4 13. Bxd4 Rac8 14. Re1 Be8 15. f4 Kh8 16. h3 Qb8 17. Qe2 b5 18. e5 dxe5 19. fxe5 1/2-1/2

[Event "SRB-chT Cup Central"]
[Site "Vrnjacka Banja"]
[Date "2011.05.02"]
[Round "6"]
[White "Ivanovic, Zoran M"]
[Black "Djokic, Vladan"]
[Result "0-1"]
[WhiteElo "2134"]
[BlackElo "2285"]
[PlyCount "120"]
[EventDate "2011.05.01"]
[EventType "team"]
[EventRounds "7"]
[EventCountry "SRB"]
[SourceTitle "EXT 2012"]
[Source "ChessBase"]
[SourceDate "2011.11.24"]
[SourceVersion "1"]
[SourceVersionDate "2011.11.24"]
[SourceQuality "1"]

1. e4 c5 2. Nf3 e6 3. d4 cxd4 4. Nxd4 a6 5. c4 Nf6 6. Nc3 d6 7. Be3 Be7 8. Be2 Nbd7 9. Qd2 Qc7 10. f3 0-0 11. 0-0 b6 12. Rac1 Bb7 13. Rfd1 Rac8 14. b3 Qb8 15. Bf4 Ne5 16. Nc2 Rfd8 17. Be3 Ba8 18. Na4 Ned7 19. Bf4 Qa7 20. Be3 Nc5 21. Nxc5 dxc5 22. Qe1 Qc7 23. Bf2 Bd6 24. Bg3 Bxg3 25. Qxg3 Qxg3 26. hxg3 Kf8 27. Kf2 Ke7 28. Rxd8 Rxd8 29. Rd1 Rxd1 30. Bxd1 Nd7 31. Ke3 f6 32. f4 Bc6 33. Be2 Nb8 34. Bf3 Be8 35. Ne1 Nc6 36. Nc2 Kd6 37. Kd3 Bf7 38. Kc3 e5 39. Ne3 Nd4 40. Kd3 Be6 41. Bg4 Bf7 42. Bd1 a5 43. Kc3 Bg6 44. f5 Bf7 45. g4 Be8 46. Nd5 Bc6 47. Kd3 Bxd5 48. cxd5 b5 49. a4 Kc7 50. Kc3 Kb6 51. Bf3 c4 52. Bd1 cxb3 53. Bxb3 Kc5 54. Bd1 h6 55. axb5 Nxb5+ 56. Kb2 Kb4 57. Bc2 a4 58. Bd1 a3+ 59. Ka1 Nc3 60. Bc2 Kc5 0-1

[Event "Nis Zivic Memorial"]
[Site "Nis"]
[Date "2008.07.31"]
[Round "9"]
[White "Djukic, Zeljko2222"]
[Black "Djokic, Vladan"]
[Result "1/2-1/2"]
[WhiteElo "2304"]
[BlackElo "2284"]
[PlyCount "33"]
[EventDate "2008.07.25"]
[EventType "tourn"]
[EventRounds "11"]
[EventCountry "YUG"]
[EventCategory "2"]
[SourceTitle "EXT 2009"]
[Source "ChessBase"]
[SourceDate "2008.11.26"]
[SourceVersion "1"]
[SourceVersionDate "2008.11.26"]
[SourceQuality "1"]

1. d4 Nf6 2. c4 d6 3. Nc3 g6 4. e4 Bg7 5. f3 0-0 6. Be3 c6 7. Qd2 e5 8. d5 c5 9. 0-0-0 Nh5 10. Bd3 f5 11. exf5 gxf5 12. Nge2 Na6 13. g3 Nf6 14. h3 Nc7 15. g4 f4 16. Bf2 b5 17. cxb5 1/2-1/2

[Event "SRB-chT2 East"]
[Site "Serbia"]
[Date "2007.10.07"]
[Round "5.1"]
[White "Petkovic, Dragoslav"]
[Black "Djokic, Vladan"]
[Result "0-1"]
[WhiteElo "2281"]
[BlackElo "2282"]
[PlyCount "154"]
[EventDate "2007.09.09"]
[EventType "team"]
[EventRounds "11"]
[EventCountry "SRB"]
[SourceTitle "EXT 2012"]
[Source "ChessBase"]
[SourceDate "2011.11.24"]
[SourceVersion "1"]
[SourceVersionDate "2011.11.24"]
[SourceQuality "1"]
[WhiteTeam "Leskovac Glubocica"]
[BlackTeam "Celin Kamen"]
[WhiteTeamCountry "SRB"]
[BlackTeamCountry "SRB"]

1. e4 c5 2. Nf3 e6 3. d3 Nc6 4. g3 d6 5. Bg2 Nge7 6. 0-0 g6 7. c3 Bg7 8. Re1 e5 9. a3 0-0 10. b4 b6 11. Nbd2 h6 12. Bb2 g5 13. Nc4 Be6 14. h4 f6 15. b5 Nb8 16. Ne3 a6 17. a4 Qd7 18. Nc4 Qd8 19. Qb3 a5 20. Qc2 Ra7 21. Qe2 Nc8 22. d4 Qe8 23. dxe5 dxe5 24. hxg5 hxg5 25. Rad1 Qh5 26. Ne3 Rd7 27. Nd5 Bxd5 28. exd5 Nd6 29. Nd2 Qxe2 30. Rxe2 g4 31. Ne4 Nxe4 32. Bxe4 f5 33. Bb1 Rd6 34. Bc1 Nd7 35. Kg2 e4 36. Bf4 Be5 37. Bg5 Rf7 38. c4 Rg7 39. Be3 Rdg6 40. Rh1 Rh7 41. Rxh7 Kxh7 42. Re1 Nf6 43. Rd1 Rg7 44. d6 Kg6 45. Bc2 Rd7 46. Rh1 Ng8 47. Rh4 Bf6 48. Rh1 Rxd6 49. Bf4 Rd7 50. Kf1 Bg5 51. Rh8 Ne7 52. Bb8 Rd2 53. Bb3 Bf6 54. Bf4 Bxh8 55. Bxd2 Be5 56. Ke2 Kf6 57. Bc2 Ng6 58. Bh6 Bb2 59. Bb3 Ne5 60. Bf8 Ke6 61. Bg7 Nd3 62. Bh6 Bd4 63. Bc2 Nxf2 64. Bf4 Kd7 65. Kf1 Nh3 66. Bh6 Be5 67. Kg2 Ke7 68. Bd1 Bf6 69. Bd2 Bg5 70. Bc3 Ke6 71. Be2 Be3 72. Bg7 Ng1 73. Bd1 Nf3 74. Be2 Ne1+ 75. Kf1 Nd3 76. Bxd3 exd3 77. Ke1 f4 0-1